Konštrukcia nástroja na výrobu nadstavca s počítačovou podporou
Enregistré dans:
| Auteur principal: | |
|---|---|
| Autres auteurs: | |
| Format: | Manuscrit Livre |
| Langue: | slovaque |
| Publié: |
2020
|
| Sujets: | |
| Accès en ligne: | http://is.stuba.sk/zp/portal_zp.pl?podrobnosti=151223 |
| Tags: |
Pas de tags, Soyez le premier à ajouter un tag!
|
MARC
| LEADER | 00000ntm a22000003a 4500 | ||
|---|---|---|---|
| 001 | stuzp78317 | ||
| 003 | SK-STU | ||
| 005 | 20200704211920.7 | ||
| 007 | ta | ||
| 008 | 150427s2015----xo-----f-mn---000-0-slo-d | ||
| 040 | |a STU |b slo | ||
| 041 | 0 | |a slo | |
| 100 | 1 | |a Čepela, Peter |u 063000 |k Z4 |4 aut |U MTF Materiálovotechnologická fakulta |T MTF Ústav výrobných technológií |X 80478 |U M3000 |Y 83 |7 80478 | |
| 242 | 0 | 1 | |a Computer aided design of tool on set production |y eng |
| 245 | 1 | 0 | |a Konštrukcia nástroja na výrobu nadstavca s počítačovou podporou |
| 260 | |c 2020 | ||
| 650 | 4 | |a objem |2 slo | |
| 650 | 4 | |a polotovar |2 slo | |
| 650 | 4 | |a nástroj |2 slo | |
| 650 | 4 | |a raznica |2 slo | |
| 650 | 4 | |a model |2 slo | |
| 650 | 4 | |a volume |2 eng | |
| 650 | 4 | |a intermediate product |2 eng | |
| 650 | 4 | |a tool |2 eng | |
| 650 | 4 | |a stamp |2 eng | |
| 650 | 4 | |a model |2 eng | |
| 700 | 1 | |a Bílik, Jozef |u 063400 |k Z1 |4 ths |U MTF Ústav výrobných technológií |T MTF Katedra tvárnenia kovov a plastov |X 1547 |U M3400 |Y 163 |7 A000001547 | |
| 856 | 4 | |u http://is.stuba.sk/zp/portal_zp.pl?podrobnosti=151223 | |